| 000 | 00825njm a2200289 c 4500 | ||
|---|---|---|---|
| 003 | BLK | ||
| 005 | 20180421002245.0 | ||
| 008 | 180410b bul||n||s|||||||| n|bulo| | ||
| 010 | _aCDD00000431000 | ||
| 040 | _aBLK | ||
| 041 |
_aENG _cENG |
||
| 080 |
_aИнструментална музика _b785 _x _z785 |
||
| 139 |
_aJazzanova Remixed [CD аудио] _bJ 31 |
||
| 245 | 1 | 0 |
_aJazzanova Remixed [CD аудио] _bCD 1-2 _nCD 2 |
| 257 | _aDEU | ||
| 260 |
_аMunchen _bJazzanova Compost Rec. _c2003 |
||
| 300 |
_c12 cm. _fбр. в к-т _g1 CD |
||
| 380 | _a7 | ||
| 650 | 4 |
_aДжаз _9153283 |
|
| 653 | _aджаз | ||
| 760 | 1 |
_h76мин. 9сек. _tCD 2 |
|
| 852 |
_aЦб CD 1925 _p0 |
||
| 856 | 4 |
_qpdf _u |
|
| 856 | 4 |
_qpdf _u |
|
| 942 |
_cCDD _n0 |
||
| 944 |
_aCR _c16.10.2008 _kТеодора_Стоянова |
||
| 944 |
_aED _c16.10.2008 _k |
||
| 999 |
_c216094 _d216094 |
||